000 00296nam a2200121 i 4500
001 bg
245 0 _aUmacnianie zasad i usprawnianie mechanizmów reformy gospodarczej.
260 _aWarszawa,
_c1984.
040 _cBPK
041 _apol
942 _cKS
008 s pl f |000 0 pol
999 _c1055
_d1055
856 _uhttp://koha.tu.koszalin.pl/cgi-bin/koha/opac-detail.pl?biblionumber=1055
_yKatalog online BPK